000
00233nam a2200097Ia 4500
008
230907s9999||||xx |||||||||||||| ||und||
082
_a
338.951
_b
CHI
245
0
_a
China's industrialization process /
300
_a
143 p.
942
_c
BK
999
_c
600413
_d
600413